000 00351cam a2200145I 4500
040 _cWSU
082 _a530 MCG 1957 MCG A084 Or.
100 1 _aFreeman, Ira Maximilian,
245 1 0 _aModern introductory physics
250 _a2d ed
260 _aNew York,
_bMcGraw-Hill,
_c1957
300 _a497 p.
_billus.
_c24 cm
650 0 _aPhysics
942 _cEK
999 _c16196
_d16196